00954nab a22002057a 4500003000400000005001700004008004100021040000700062100002400069245014000093260007200233300001200305500003900317505009100356505008900447650002000536650002400556650003500580773013300615OSt20260109230026.0190605e xxu||||| |||| 00| 0 spa d cPJ aChiti, Stella Maris10aDécimo aniversario del nuevo régimen especial de contrato de trabajo para el personal de casas particulares /cStella Maris Chiti.  aCiudad Autónoma de Buenos Aires :bThomson Reuters La Ley,c2023. ap. 5-11 aCita: TR LALEY AR/DOC/1498/2023.  a Sumario: I. Introducción.— II. Contenido de la ley 26.844.— III. Conclusión.  t¿Te interesa el texto completo? Solicitalo al correo: koha@justierradelfuego.gov.ar 0aDERECHO LABORAL 0aCONTRATO DE TRABAJO 0aPERSONAL DE CASAS PARTICULARES0 02711dCiudad Autónoma de Buenos Aires : Thomson Reuters La Ley, 1999-2002.tRevista de derecho del trabajo. Nº 4 - Julio 2023